000 00901nam a22002657a 4500
005 20100317093257.0
008 100317t xxu||||| |||| 00| 0 eng d
010 _aENG-95886
020 _a9788183161558
_c175.00
020 _a9788183161558
_c175.00
035 _aEN-79419
037 _bDBAD/PUB
040 _aDPL
082 _a370.1
100 _aAyodhya, P.
245 _aFoundation of education/
_cby P. Ayodhya and B. N. Dash
260 _aNew Delhi
_bNeelkamal Publications
_c2009
270 _aBG5/9B, Paschim Vihar
_bNew Delhi
_e110063
300 _axix, 393p.;
_c22 cm. (Pb)
650 _aEducation
700 _aReddy G.S.
700 _aPrakasam, V.
942 _2ddc
_cEN
_mAYO
_h370.1
999 _c34705
_d34705